| 000 | 00710nam a2200181 i 4500 | ||
|---|---|---|---|
| 001 | 45122 | ||
| 003 | ES-MaACL | ||
| 005 | 20250902095010.0 | ||
| 007 | t| | ||
| 008 | 030325s1878 sp ||||1| spa d | ||
| 110 | 2 |
_aReal Sociedad Económica de Amigos del País (Jaén) _96388 |
|
| 245 | 1 | 0 |
_aCircular e instrucciones de la Junta directiva del Certamen Provincial de Jaen de 1878 para las juntas delegadas en los pueblos y los expositores / _cReal Sociedad Económica de Amigos del País. |
| 260 |
_aJaén : _b[s.n.], _c1878 ( _fImp. de Rubio y Alcázar) |
||
| 300 |
_a31 p. ; _c15 cm. |
||
| 711 | 2 |
_aCertamen Provincial de Jaén ( _d1878) _9165582 |
|
| 852 |
_aES-MaACL _jT-345-F-4 |
||
| 999 |
_c45122 _d45122 |
||